| 000 | 00194 a2200085 4500 | ||
|---|---|---|---|
| 999 |
_c295657 _d295657 |
||
| 001 | 60584 | ||
| 003 | NUST | ||
| 005 | 20170511124412.0 | ||
| 008 | 170511b xxu||||| |||| 00| 0 eng d | ||
| 040 | _cNUST | ||
| 082 | _a297.63 | ||
| 245 | _aLife of Prophet Muhammad (PBUH) | ||
| 260 |
_aKarachi _bAaena-Adab |
||
| 942 |
_aNUST-CAE _k297.63 WAH _2ddc _cBK |
||